000 00313nam a2200097Ia 4500
008 241105s9999 xx 000 0 und d
041 _aeng
100 _aYelpure Rashmi
_9184984
245 _aSustainability Assessment Of An Existing Neighbourhood In Pune
260 _bBNCA M Arch Environment Architecture
_aPune
_c2023
999 _c362084
_d362084